[Event "Festival Primavera Cattolica 2022"]
[Site "Cattolica"]
[Date "2022.03.20"]
[Round "8.7"]
[White "Moksh Amit Doshi"]
[Black "Koellner, Ruben Gideon"]
[Result "1-0"]
[WhiteElo "2396"]
[BlackElo "2441"]
[Annotator "TA"]
[PlyCount "107"]
[EventDate "2022.03.16"]
[EventType "swiss"]
[EventCountry "ITA"]
[SourceTitle "playchess.com"]
[Source "ChessBase"]
[SourceQuality "1"]

{[%evp 15,107,8,36,29,112,111,112,108,158,167,147,154,151,156,249,250,259,245,256,255,252,264,264,235,237,194,196,194,195,195,195,194,235,243,241,239,305,298,299,299,295,310,289,188,278,260,264,250,284,61,263,281,276,249,252,245,427,419,412,411,357,229,320,331,322,329,276,251,251,251,243,242,357,355,292,280,465,456,587,508,548,513,1798,1717,1496,1423,1450,1300,29990,29991,29998,29999,29999,29994]} 1. d4 d5 2. c4 e6 3. Nf3 Nf6 4. Nc3 Be7 5. Bf4 O-O 6. e3 b6 7. Bd3 Bb7 8. O-O $1 {8.0-0 is better than 8.cxd5.} Nbd7 9. cxd5 {D02: 1 d4 d5 2 Nf3 sidelines, including 2...Nf6 3 g3 and 2...Nf6 3 Bf4.} Nxd5 (9... exd5 $11 10. Qb1 c5) 10. Nxd5 $16 Bxd5 11. Qc2 {[%csl LRc7,LRh7] White is better.} Bxf3 {[#]} (11... c5 $142) 12. Bxc7 $146 (12. gxf3 $6 Bd6 $16) (12. Bxh7+ Kh8 13. gxf3 (13. Bxc7 Qe8 $17) 13... g6 14. Bxg6 (14. Bxc7 Qe8 $15) 14... Rg8 $15) ({Predecessor:} 12. gxf3 Bd6 13. Bxd6 cxd6 14. Bxh7+ Kh8 15. Bd3 g6 16. Qc6 Qe7 17. Rac1 {0-1 (45) Rosa,M-Vescovi,G (2511) Americana 2000}) 12... Qe8 {[%cal Oa8c8]} 13. gxf3 ({And not} 13. Bxh7+ Kh8 14. Bd3 (14. gxf3 Rc8 $17) 14... Bb7 $17) 13... Nf6 14. Rac1 {White is much more active. Black has bad knights.} Rc8 (14... Qd7 $16) 15. Ba6 $18 {A strong pair of Bishops.} Qd7 16. Bxc8 Rxc8 {[#]} 17. Qc6 Qxc6 18. Rxc6 Nd5 {[#]} 19. e4 $1 Nb4 20. Rcc1 {Threatens to win with Bg3.} Nxa2 {[#]} 21. Ra1 {Hoping for Bg3.} Rxc7 22. Rxa2 {[%mdl 4096] Endgame KRR-KRB} a5 23. Raa1 Rc4 (23... g6 $142 24. Rac1 Rd7) 24. Rfd1 Bg5 25. b3 Rb4 26. Rd3 Kf8 27. Ra4 Rb5 28. Rc4 Bf4 29. d5 {Strongly threatening d6.} exd5 (29... Ke7 $142 30. dxe6 Kxe6) 30. exd5 Bd6 31. Re3 {[%cal Rc4c8]} g6 32. Rc8+ Kg7 33. Rd3 {And now Rc6 would win.} Kf6 34. Rd8 Ke7 35. Ra8 Be5 $2 (35... Ba3 36. Kg2 Bd6 37. Ra7+ Ke8) 36. Ra7+ Kd6 37. f4 Bb2 38. Rb7 h6 39. Kf1 ({Don't do} 39. Rxf7 Rxd5 40. Rg3 g5) 39... f6 40. Rb8 Rb4 41. Ke2 g5 42. fxg5 hxg5 43. Rd8+ Ke7 (43... Kc7 $142 44. Re8 Be5 45. Re7+ Kd8) 44. Rc8 Be5 45. Rc6 {Rh3 is the strong threat.} b5 $2 (45... Bxh2 46. Rh3 Rh4) 46. d6+ Kd8 47. Rd5 {d7 would kill now.} Kd7 48. Ra6 {Black must now prevent Ra7+.} Rxb3 (48... Rd4 $142) 49. Ra7+ Ke6 {[#]} 50. d7 $1 {[%mdl 512]} Kxd5 (50... Rb2+ 51. Kf3) 51. d8=Q+ Ke4 52. f3+ {White mates.} Kf5 53. Qd7+ Kf4 54. Qd2+ {Black did not feel at home in the position after the opening.  Weighted Error Value: White=0.10 (very precise) /Black=0.45} 1-0

[Event "Festival Primavera Cattolica 2022"]
[Site "Cattolica"]
[Date "2022.03.20"]
[Round "8.8"]
[White "Enchev, Ivajlo"]
[Black "Woelk, Tom-Frederic"]
[Result "1-0"]
[WhiteElo "2449"]
[BlackElo "2348"]
[Annotator "TA"]
[PlyCount "81"]
[EventDate "2022.03.16"]
[EventType "swiss"]
[EventCountry "ITA"]
[SourceTitle "playchess.com"]
[Source "ChessBase"]
[SourceQuality "1"]

{[%evp 9,81,0,31,30,27,28,20,23,22,34,41,22,34,58,68,46,154,164,162,149,208,200,203,212,196,192,185,183,213,206,216,216,297,284,329,262,329,231,426,296,287,300,312,300,567,562,560,564,604,604,605,581,660,635,673,672,6390,6111,2405,4595,2219,2038,1966,1647,29976,29978,12840,12839,12834,12831,29982,29982,29983,29984]} 1. e4 c5 2. Nf3 e6 3. g3 Nc6 4. Bg2 Nf6 5. Qe2 d5 6. exd5 {B40: Sicilian: 2...e6, Unusual lines.} Nxd5 7. O-O Be7 8. Rd1 {The position is equal.} Bf6 {Inhibits d4.} 9. Nc3 Ndb4 {[#]} 10. d4 $146 ({Predecessor:} 10. d3 Nd4 11. Nxd4 cxd4 12. Ne4 Be7 13. c3 Nc6 14. Qh5 h6 15. f4 a5 16. a4 {0-1 (39) Rajkovic,M (2303)-Damljanovic,B (2557) Paracin 2016}) 10... cxd4 11. a3 Qe7 12. Ne4 {White is more active.} Nd5 {White leaves nothing to chance now.} ({Black should play} 12... d3 $1 $14 13. cxd3 (13. Nxf6+ Qxf6 14. cxd3 Nd5 $14) 13... Nd5) 13. Nxf6+ $16 Qxf6 {[#]} 14. c4 $1 $36 {[%mdl 2048] Black is under strong pressure.} Nb6 (14... Nde7 $16 {keeps fighting.}) 15. Bf4 $18 O-O {[%cal Oe6e5] [#]} 16. Ne5 $1 {[%cal Bf3e5,Be5c6,Bc6d4,Bd4b5,Bb5d6][%mdl 32]} g5 17. Nxc6 {Be5 is the strong threat.} gxf4 18. Nxd4 fxg3 19. hxg3 Rb8 20. Nb5 a6 21. Nd6 {Black must now prevent Qe3.} Na4 22. Qc2 b5 23. b3 Qc3 $2 (23... Nc3) 24. Rac1 Qxc2 25. Rxc2 Nb6 26. c5 {[%cal Bc4c5,Bc5c6,Bc6c7][%mdl 32]} ({Weaker is} 26. cxb5 axb5 27. Rc7 (27. Nxb5 Bb7 $18) 27... Rd8 $16) 26... Nd5 (26... Na8 {might work better.} 27. b4 f6 28. Bxa8 Rxa8) 27. Bxd5 exd5 28. c6 Kg7 29. c7 Ra8 30. Rxd5 Kf6 31. f4 {[%cal Bf2f4,Bf4f5][%mdl 32]} Ke6 32. Rcc5 Ra7 33. f5+ Ke7 34. Ne4 {White threatens f6+ and mate.} f6 35. Nd6 Rg8 36. Rc3 Ra8 37. Nxc8+ Rgxc8 38. Re3+ Kf8 39. Rd7 a5 40. Kf2 b4 41. a4 {Weighted Error Value: White=0.10 (very precise) /Black=0.79} 1-0

[Event "Festival Primavera Cattolica 2022"]
[Site "Cattolica"]
[Date "2022.03.20"]
[Round "8.9"]
[White "Azarov, Sergei"]
[Black "Ojas Kulkarni"]
[Result "1-0"]
[WhiteElo "2600"]
[BlackElo "2236"]
[Annotator "TA"]
[PlyCount "83"]
[EventDate "2022.03.16"]
[EventType "swiss"]
[EventCountry "ITA"]
[SourceTitle "playchess.com"]
[Source "ChessBase"]
[SourceQuality "1"]

{[%evp 10,83,28,28,34,28,30,28,29,24,32,29,33,22,48,30,37,14,7,2,14,4,46,34,45,45,79,37,43,44,43,39,43,22,42,27,32,33,33,45,46,0,46,40,28,0,0,0,0,0,0,0,34,20,45,0,14,0,71,0,47,0,0,0,0,0,0,0,0,0,0,0,29981,29982,29987,29988]} 1. e4 e5 2. Nf3 Nc6 3. Bb5 a6 4. Ba4 Bc5 5. O-O d6 6. c3 Bd7 {C70: Ruy Lopez: 3...a6 4 Ba4, Norwegian and Delayed Schliemann.} 7. d4 Ba7 {outshines the older 7...exd4.} 8. Be3 Nge7 {White has an edge.} 9. Nbd2 {[%cal Bb1d2,Bd2f1,Bf1e3][%mdl 32]} Ng6 10. Re1 O-O {[#]} 11. Rc1 $146 ({Predecessor:} 11. Nf1 exd4 12. cxd4 b5 13. Bb3 Bg4 14. d5 Nce5 15. Bxa7 Bxf3 16. Qd4 Nf4 17. Re3 Nxg2 18. Ng3 Nxe3 19. Qxe3 Qh4 20. Bd4 Qh3 {0-1 (20) Kamsky,G (2665)-Praggnanandhaa,R (2608) Chess.com INT 2021}) 11... Kh8 12. Nf1 Qe8 13. Bc2 Bg4 14. d5 Nce7 15. Bxa7 Rxa7 (15... Nh4 $11 16. N1d2 (16. Be3 Bxf3 17. gxf3 Qd7 $11) 16... Rxa7) 16. Ne3 $14 Bd7 17. c4 f5 18. exf5 {White is more active.} ({Better is} 18. c5 $16) 18... Nxf5 19. Bxf5 Bxf5 20. c5 Nf4 21. cxd6 cxd6 22. Nxf5 Rxf5 23. Rc7 {Black must now prevent Qc2.} Rf8 24. g3 Qg6 25. Nh4 (25. Kf1 $1 $14 {is superior.} Nh3 26. Qc2 $1) 25... Qf6 (25... Qg5 $11) 26. gxf4 Qxh4 27. fxe5 {[%cal Od1f3] Qf3! is the strong threat.} (27. Qf3 $5 {[%cal Rf4e5]} exf4 28. Kh1 $14 (28. Qg2 Qf6 $11)) 27... Raa8 28. Qe2 dxe5 29. Rc4 Qf6 30. Re4 Rad8 31. Rxe5 h6 32. Qe3 (32. Rd1 $14 {deserves consideration.}) 32... Qg6+ 33. Kf1 Qg4 {[#]} (33... Qf7 $1 $11 {keeps the balance.}) 34. b3 ({But not} 34. Re4 Qh5 35. Kg1 Qxd5 $15) ({White should play} 34. Qe4 $1 $16 {[%cal Re4g4]} Rf4 35. Re8+ Rxe8 36. Qxe8+ Kh7 37. Qe3) 34... Qh4 (34... Rf3 $11 {is more appropriate.} 35. Qe4 Qh3+ 36. Kg1 Rdf8) 35. Kg2 (35. h3 $1 $14 {might be stronger.}) 35... Qg4+ $11 36. Qg3 Qd4 37. R1e4 $36 {[%mdl 2048] Black is under pressure.} Qd2 38. Re7 {[%csl Ge7,LRb7,LRg7][%cal Rg3g7]} Rg8 39. Rxb7 Rxd5 {And now ...Rg5 would win.} 40. h4 {[%cal Oe4e8] Inhibits Rg5.} ({Not} 40. Re8 $2 Rg5 41. Rxg8+ Kxg8 42. Rb8+ Kh7 $19) 40... Qxa2 $2 {[%mdl 8192] [#]} (40... Rd3 $11 41. Qf4 Rdd8) 41. Re8 $1 {[%csl Gb7][%cal Rg3g7][%mdl 512]} Qa1 {[#]} (41... Rg5 42. hxg5) 42. Qb8 $1 {Weighted Error Value: White=0.10 (very precise) /Black=0.33} 1-0

[Event "Festival Primavera Cattolica 2022"]
[Site "Cattolica"]
[Date "2022.03.20"]
[Round "8.10"]
[White "Damia, Angelo"]
[Black "Dardha, Daniel"]
[Result "0-1"]
[WhiteElo "2223"]
[BlackElo "2541"]
[Annotator "TA"]
[PlyCount "40"]
[EventDate "2022.03.16"]
[EventType "swiss"]
[EventCountry "ITA"]
[SourceTitle "playchess.com"]
[Source "ChessBase"]
[SourceQuality "1"]

{[%evp 21,40,50,43,0,-24,-58,-52,-62,-59,-47,-33,-26,39,-8,-34,-35,-26,-108,-103,-602,-600]} 1. e4 c5 2. Nf3 d6 3. d4 cxd4 4. Nxd4 Nf6 5. Nc3 Nc6 6. Bg5 e6 7. Qd2 a6 8. O-O-O Bd7 9. f4 Be7 10. Be2 b5 {[%cal Bb7b5,Bb5b4][%mdl 32]} 11. Bxf6 gxf6 12. Bh5 {B68: Sicilian: Richter-Rauzer: 7...a6 8 0-0-0 Bd7 9 f4 Be7 .} (12. f5 $14 Nxd4 13. Qxd4) 12... b4 $1 $11 13. Nb1 Qa5 14. f5 {[%cal Of5e6] [#] aiming for fxe6! Black is slightly better.} Nxd4 ({But not} 14... exf5 15. Nxc6 Bxc6 16. exf5 $11) 15. Qxd4 Rc8 {[#]} 16. a3 $146 ({Predecessor:} 16. Rhe1 Rc5 17. a3 bxa3 18. b4 Rxc2+ 19. Kxc2 Qa4+ 20. Kd2 d5 21. Nc3 Bxb4 22. fxe6 Bxe6 23. exd5 {1-0 (30) Hansen,L-Fuglsang,F (2350) Copenhagen 1991}) 16... Rg8 ({Black should play} 16... Qa4 $11 17. Rd2 a5) 17. g4 (17. axb4 $14 Qa4 18. Rd2) 17... Qa4 $40 {[%csl Gc8][%cal Ra4c2][%mdl 128] Black mounts an attack.} 18. Rd2 a5 19. fxe6 (19. Qe3 $11) 19... Bxe6 $17 20. Nc3 $2 {[%mdl 8192] [#]} Rxc3 $1 {[%mdl 512] Weighted Error Value: White=0.98/Black=0.15 (very precise)} 0-1

[Event "Festival Primavera Cattolica 2022"]
[Site "Cattolica"]
[Date "2022.03.20"]
[Round "9.1"]
[White "Bernadskiy, Vitaliy"]
[Black "Dimitrov, Radoslav"]
[Result "1/2-1/2"]
[WhiteElo "2601"]
[BlackElo "2487"]
[Annotator "TA"]
[PlyCount "30"]
[EventDate "2022.03.16"]
[EventType "swiss"]
[EventCountry "ITA"]
[SourceTitle "playchess.com"]
[Source "ChessBase"]
[SourceQuality "1"]

{[%evp 12,30,31,38,29,17,31,21,18,18,16,12,3,15,17,10,10,7,0,0,15]} 1. e4 d5 2. exd5 Nf6 3. Nf3 Nxd5 4. d4 g6 5. Be2 Bg7 6. O-O O-O 7. Na3 Nc6 {B01: Scandinavian Defence.} 8. c3 e5 9. dxe5 Nxe5 {The position is equal.} 10. Nxe5 Bxe5 11. Bf3 Nb6 (11... Qh4 $2 12. g3 Nxc3 13. gxh4 $18) 12. Qxd8 Rxd8 13. Re1 f6 {[#]} 14. Bd1 $146 ({Predecessor:} 14. Be3 Kf7 15. Be4 c6 16. Rac1 Be6 17. b3 Nd5 18. Bxd5 Bxd5 19. f4 Bc7 20. Rcd1 {1-0 (52) Holecko,R (2210)-Gregorova,Z (2109) Slovakia 2002}) 14... Kg7 15. Bb3 c6 {Not much happened in this game.  Weighted Error Value: White=0.02 (flawless) /Black=0.00 (flawless)} 1/2-1/2

[Event "Festival Primavera Cattolica 2022"]
[Site "Cattolica"]
[Date "2022.03.20"]
[Round "9.2"]
[White "Ohanyan, Emin"]
[Black "Bosiocic, Marin"]
[Result "1/2-1/2"]
[WhiteElo "2379"]
[BlackElo "2522"]
[Annotator "TA"]
[PlyCount "100"]
[EventDate "2022.03.16"]
[EventType "swiss"]
[EventCountry "ITA"]
[SourceTitle "playchess.com"]
[Source "ChessBase"]
[SourceQuality "1"]

{[%evp 14,100,19,35,27,22,9,0,37,39,53,59,56,19,96,66,74,32,38,37,52,22,51,51,58,65,62,58,55,58,60,0,0,0,-7,-16,0,-4,-10,-12,0,-155,-56,-51,-39,-206,-271,-257,-137,-315,-322,-316,-128,-129,-121,-292,-93,-93,-92,-93,-8,-8,-8,-8,-8,-11,-11,-11,0,0,0,0,0,0,0,0,0,0,0,0,0,0,0,0,0,0,0,0,0]} 1. e4 c5 2. Nf3 Nc6 3. d4 cxd4 4. Nxd4 e5 5. Nb5 d6 6. N1c3 a6 7. Na3 Be6 8. Nc4 Rb8 {B32: Sicilian: Löwenthal and Kalashnikov Variations.} 9. a4 (9. g3 {looks sharper.} h5 10. Nd5 Nf6 11. Bg2 Bg4 12. f3) 9... Nb4 {9...Nf6 is more advanced technology.} 10. Nd5 Nxd5 (10... Bxd5 $5 11. exd5 Nf6 $14) 11. exd5 {[#]} Bd7 $146 ({Predecessor:} 11... Bf5 12. Be3 Nf6 13. Be2 g6 14. O-O Bg7 15. Nb6 Nd7 16. a5 Nxb6 17. axb6 O-O {1-0 (42) Sohier,J (2253)-Arnold,K (1804) Paleochora 2020}) 12. Be3 f5 13. a5 Qf6 (13... Bb5 $11 {remains equal.}) 14. Nb6 (14. f4 {is more complex.} Nh6 15. Be2 exf4 16. Ba7 Rc8 17. O-O) 14... Qf7 15. Nxd7 {White is more active.} (15. f3 $16) 15... Qxd7 $14 16. b4 Nf6 17. b5 Qc8 18. Rb1 {[%cal Ba1b1,Bb1b6,Bb6c6,Bc6c7][%mdl 32]} Ra8 19. bxa6 bxa6 20. Rb6 f4 {[#]} 21. Rc6 $1 Qf5 22. Bb6 (22. Bd2 $14) 22... Qe4+ $11 23. Be2 Qxg2 24. Bf3 {A strong pair of Bishops.} Qg6 25. c4 Be7 26. Rc7 $1 e4 27. Be2 (27. Kd2 $1 $11) 27... Kf7 (27... f3 $1 $17 {[%cal Rf3e2]} 28. Bf1 Rb8 29. Qa4+ Kf8) 28. c5 $1 $15 (28. Bd4 $2 Rhb8 29. Kd2 f3 $19) 28... Rhd8 (28... Qg2 29. Rf1 Rhc8 30. Rb7 Qxh2 31. c6 $11 (31. cxd6 f3 $11)) 29. Qd4 $2 (29. c6 Re8 $11) (29. cxd6 $15 Rxd6 30. Bc5) 29... Rd7 $19 30. Rxd7 Nxd7 31. f3 $2 (31. c6 $17 Bf6 32. Qb4) 31... Re8 (31... dxc5 32. Qxe4 Qg2 33. Rf1 $17) (31... Nxc5 32. Rg1 Qf6 33. Qxf6+ Bxf6 34. fxe4 $17 (34. Bxc5 $2 exf3 35. Bxf3 dxc5 $19)) 32. Rg1 Bf6 33. Rxg6 $17 Bxd4 34. Rxd6 {[#]} (34. Rg4 $17 {was necessary.} g5 35. fxe4) 34... Nxb6 $2 ({Stronger than} 34... Nxc5 35. Kf1 exf3 36. Bxf3 $11) (34... exf3 $1 $19 35. Rxd7+ Kg6 36. Rd6+ Kf5) 35. axb6 {Threatens to win with fxe4.} exf3 {[%mdl 4096] Endgame KRB-KRB} 36. Re6 {[%cal Bd6e6,Be6e2,Be2a2,Ba2a6][%mdl 32]} ({Avoid the trap} 36. Rd7+ $2 Kf8 37. Rd8 Rxd8 $19) 36... Bc3+ (36... fxe2 $2 37. Rxe8 f3 38. Re6 (38. b7 Bc3+ 39. Kf2 Kxe8 $11) 38... Bxc5 39. b7 $18) ({Black should play} 36... Rxe6 $17 37. dxe6+ Kxe6 38. Bxa6 Bxc5) 37. Kf1 $132 {[%mdl 2048] White is not keeping still. The position is equal.} fxe2+ 38. Rxe2 {KRB-KR} Ba5 $1 {aiming for ...Rxe2.} 39. d6 {[%cal Bd5d6,Bd6d7][%mdl 32] And now Rxe8 would win.} Rb8 {[%cal Oa5b6] ...Bxb6! is the strong threat.} 40. d7 $1 g5 41. Ra2 Bxb6 42. cxb6 {Hoping for Re2. KR-KR} Ke7 43. Rxa6 Kxd7 44. Ra7+ Kd6 45. Rxh7 Rxb6 {White must now prevent ...Ke5.} 46. Rh6+ Kc5 47. Rxb6 Kxb6 48. Kg2 Kc5 (48... Kc7 $5 49. Kf3 Kd7 $11) 49. Kf3 Kd4 {( -> ...Ke5)} 50. h4 $1 gxh4 {Black had all chances to win.  Weighted Error Value: White=0.25 (precise) /Black=0.24 (precise)} 1/2-1/2

[Event "Festival Primavera Cattolica 2022"]
[Site "Cattolica"]
[Date "2022.03.20"]
[Round "9.3"]
[White "Park, Evan"]
[Black "Enchev, Ivajlo"]
[Result "1/2-1/2"]
[WhiteElo "2296"]
[BlackElo "2449"]
[Annotator "TA"]
[PlyCount "50"]
[EventDate "2022.03.16"]
[EventType "swiss"]
[EventCountry "ITA"]
[SourceTitle "playchess.com"]
[Source "ChessBase"]
[SourceQuality "1"]

{[%evp 14,50,56,58,50,43,56,56,58,64,53,55,52,49,64,58,53,54,84,40,48,31,31,23,35,27,35,37,41,14,64,57,79,54,71,0,42,0,71]} 1. e4 c5 2. Nf3 e6 3. d4 cxd4 4. Nxd4 a6 5. c4 Nf6 6. Nc3 Qc7 7. a3 b6 8. Be3 Bb7 {B41: Sicilian: Kan Variation: 5 c4.} 9. f3 Nc6 10. Be2 {was the old line (10.Rc1).} Nxd4 {White is slightly better.} 11. Qxd4 Bc5 12. Qd2 O-O {[%cal Od7d5]} 13. Rc1 {[#]} Rfe8 $146 {[%cal Od7d5]} ({Predecessor:} 13... d5 14. cxd5 exd5 15. Bxc5 bxc5 16. exd5 Rfd8 17. O-O Nxd5 18. Nxd5 Bxd5 19. Qc3 Qb6 {0-1 (58) Deac,B (2679)-Nakamura,H (2736) Chess.com INT 2022}) 14. Bf4 e5 15. Be3 Nh5 {[%cal Bf6h5,Bh5f4,Bf4e6,Be6d4][%mdl 32]} 16. O-O (16. g3 $16) 16... Nf4 $14 17. Rfd1 Ne6 18. b4 Bxe3+ 19. Qxe3 {[#] Black must now prevent Nd5.} Nd4 20. Bf1 Bc6 21. Rd2 Qb8 (21... d6 $11) 22. Ne2 Ne6 23. Ng3 {White is more active.} Nd4 {To avoid b5} 24. Ne2 Ne6 25. Ng3 Nd4 {Inhibits b5.  Weighted Error Value: White=0.12 (very precise) /Black=0.10 (very precise)} 1/2-1/2

[Event "Festival Primavera Cattolica 2022"]
[Site "Cattolica"]
[Date "2022.03.20"]
[Round "9.4"]
[White "Nesterov, Arseniy"]
[Black "Moksh Amit Doshi"]
[Result "1-0"]
[WhiteElo "2522"]
[BlackElo "2396"]
[Annotator "TA"]
[PlyCount "35"]
[EventDate "2022.03.16"]
[EventType "swiss"]
[EventCountry "ITA"]
[SourceTitle "playchess.com"]
[Source "ChessBase"]
[SourceQuality "1"]

{[%evp 18,35,22,13,26,20,20,8,33,0,25,35,60,41,173,177,288,285,641,635]} 1. d4 Nf6 2. c4 e6 3. Nf3 d5 4. Nc3 Bb4 5. Bg5 h6 6. Bxf6 Qxf6 7. e3 O-O 8. Rc1 dxc4 9. Bxc4 c5 10. O-O {Black should prevent Ne4.} cxd4 {D38: Queen's Gambit Declined: Ragozin Defence (4 Nf3 Bb4).} 11. Ne4 {[%cal Bc3e4,Be4c5,Bc5d7,Bd7f8][%mdl 32]} Qe7 12. Nxd4 Bd7 {The position is equal.} 13. Bd3 {[#]} (13. Be2 $5 {[%cal Rc1c7]}) 13... Ba5 $146 {Inhibits Rc7.} (13... Nc6 $5 {[%cal Rc6d4]}) ({Predecessor:} 13... Nc6 14. Nb3 Na5 15. Rc7 Rfd8 16. Nxa5 Bxa5 17. Rxb7 Qf8 18. Qh5 Bb6 19. Ng5 f5 {½-½ (28) Radjabov,T (2710)-Harikrishna,P (2755) Shamkir 2017}) 14. Nc5 Bb6 15. Be4 $1 (15. Nxb7 Bc8 16. Nd6 Qxd6 $11) 15... e5 ({Better is} 15... Bxc5 $14 16. Bxb7 Bb5 17. Bxa8 (17. Nxb5 Qxb7 18. Rxc5 Qb6 $11) 17... Bxf1 18. Kxf1 (18. Qxf1 Bxd4 19. exd4 Qb4 $14) 18... Rd8) 16. Nxd7 $18 (16. Bxb7 exd4 17. Bxa8 dxe3 $17) 16... exd4 (16... Nxd7 {keeps fighting.} 17. Nf5 (17. Bxb7 exd4 18. Bxa8 Rxa8 $17) 17... Qd8) 17. Nxf8 Qxe4 $2 {[#]} (17... Na6 18. Qg4 Rxf8 19. exd4 (19. Qf5 g6 $16) 19... Nc7 20. Bxb7 Nb5) 18. Rc8 {Black did not feel at home in the position after the opening.  Weighted Error Value: White=0.05 (flawless) /Black=0.75} 1-0

[Event "Festival Primavera Cattolica 2022"]
[Site "Cattolica"]
[Date "2022.03.20"]
[Round "9.5"]
[White "Dardha, Daniel"]
[Black "Jobava, Baadur"]
[Result "1/2-1/2"]
[WhiteElo "2541"]
[BlackElo "2588"]
[Annotator "TA"]
[PlyCount "61"]
[EventDate "2022.03.16"]
[EventType "swiss"]
[EventCountry "ITA"]
[SourceTitle "playchess.com"]
[Source "ChessBase"]
[SourceQuality "1"]

{[%evp 9,61,19,29,33,43,22,33,0,23,-2,79,84,74,80,86,78,105,112,108,114,108,108,115,111,95,55,58,52,78,30,124,113,190,179,181,73,118,119,112,124,113,115,125,37,29,32,21,18,45,8,39,38,33,32]} 1. c4 e5 2. g3 g6 3. d4 d6 4. dxe5 dxe5 5. Qxd8+ Kxd8 6. Nc3 {A20: English Opening: 1...e5.} Be6 7. b3 (7. Bh3 {is interesting.} Bxc4 8. f4 Nd7 9. Nf3 Bd6 10. b3) 7... Nd7 8. Bb2 c6 {[#]} 9. Bh3 $146 ({Predecessor:} 9. h4 h5 10. Bh3 Bxh3 11. Nxh3 f6 12. O-O-O Kc7 13. f4 Re8 14. Rhf1 f5 15. e4 {1-0 (44) Mednis,E (2430)-Kindermann,S (2530) Palma de Mallorca 1989}) 9... f5 (9... Bxh3 $1 $11 {keeps the balance.} 10. Nxh3 Kc7) 10. Nf3 $16 Ngf6 11. Rd1 Kc7 12. O-O {[%cal Of3e5]} Bd6 13. Ng5 Bg8 14. e4 $1 h6 15. Nf3 Bh7 16. exf5 gxf5 17. Nh4 Ng4 18. Bc1 h5 {[#]} 19. Na4 (19. Rxd6 $1 $16 Kxd6 20. f3) 19... Rhf8 (19... e4 $11) 20. f3 $36 {[%mdl 2048] White has strong initiative.} b5 21. cxb5 (21. fxg4 fxg4 22. Rxd6 (22. Rxf8 Rxf8 23. cxb5 cxb5 $15) 22... Kxd6 23. Ba3+ Kc7 $11) 21... cxb5 {[#]} 22. fxg4 (22. Rxd6 $1 $18 {[%mdl 512] and White stays clearly on top.} Kxd6 23. Nc3 (23. fxg4 fxg4 24. Ba3+ Ke6 $11)) 22... hxg4 (22... fxg4 $142 23. Bg2 bxa4) 23. Bg2 bxa4 24. Bxa8 {The board is on fire. White is more active.} (24. bxa4 $6 Rae8 $11) 24... Bc5+ 25. Kg2 Rxa8 26. h3 ({Resist} 26. Nxf5 axb3 27. axb3 Rf8 $14) (26. bxa4 $16 Kc6 27. h3 (27. Nxf5 Rf8 $16)) 26... axb3 $14 27. axb3 gxh3+ 28. Kxh3 Bg8 29. Bb2 ({But not} 29. Nxf5 Bxb3 30. Rd2 Rh8+ 31. Nh4 a5 $15) (29. Rf3 $5 {[%cal Rf3c3]}) 29... Bxb3 {This bishop pair is nice.} 30. Rc1 {[%cal Ob2e5]} Kc6 31. Ba3 {Blacks defense is rewarded with a draw.  Weighted Error Value: White=0.18 (very precise) /Black=0.21 (precise)} ({Of course not} 31. Rxf5 Be6 32. g4 Bxf5 33. Nxf5 a5 $17) 1/2-1/2

[Event "Festival Primavera Cattolica 2022"]
[Site "Cattolica"]
[Date "2022.03.20"]
[Round "9.6"]
[White "Reuker, Jari"]
[Black "Azarov, Sergei"]
[Result "1/2-1/2"]
[WhiteElo "2425"]
[BlackElo "2600"]
[Annotator "TA"]
[PlyCount "55"]
[EventDate "2022.03.16"]
[EventType "swiss"]
[EventCountry "ITA"]
[SourceTitle "playchess.com"]
[Source "ChessBase"]
[SourceQuality "1"]

{[%evp 13,55,39,45,38,51,54,43,46,48,33,27,25,28,28,12,0,17,12,26,0,4,0,0,0,0,-38,0,0,0,0,0,0,0,0,0,0,0,0,0,0,0,0,0,0]} 1. e4 {Edouard,Romain} e5 2. Nf3 Nc6 3. Bb5 a6 4. Ba4 Nf6 5. O-O Nxe4 6. d4 Be7 7. Re1 {[%cal Bf1e1,Be1e4,Be4e5][%mdl 32]} b5 8. Rxe4 {Black must now prevent Bb3. C84: Closed Ruy Lopez: Unusual White 6th moves.} d5 $1 {[#]} 9. Nxe5 $1 Nxe5 10. Rxe5 {Strongly threatening Bb3. White is slightly better.} bxa4 11. b3 O-O 12. Ba3 ({Reject} 12. bxa4 Bf6 13. Re1 Re8 $11) 12... Bxa3 13. Nxa3 Re8 {[#]} 14. Qe2 $146 ({Predecessor:} 14. Rxe8+ Qxe8 15. Qd2 Bf5 16. Re1 Qc6 17. c4 axb3 18. axb3 h6 19. cxd5 Qxd5 20. Nc4 {½-½ (43) Vachier Lagrave,M (2780)-Carlsen,M (2872) London 2019 CBM 194 [Edouard,Romain]}) 14... Rxe5 15. Qxe5 f6 16. Qe3 Bf5 17. c4 Rb8 18. Qc3 c6 19. c5 {To avoid Qb6} a5 20. Nc2 {The position is equal.} Bxc2 21. Qxc2 $11 {[%mdl 4096] Endgame KQR-KQR} Rb4 22. Qc3 Qb8 {[%cal Ra4b3]} 23. g3 axb3 24. axb3 Rxb3 25. Qxa5 Rb1+ 26. Kg2 Rxa1 27. Qxa1 Qe8 28. h4 {Weighted Error Value: White=0.07 (flawless) /Black=0.03 (flawless)} 1/2-1/2